[Event "Welsh Open Chess Championship"]
[Site "Mercure Cardiff North Hotel, Circle Way East, Llanedeyrn, Cardiff CF23 9XF"]
[Date "2024.03.29"]
[Round "1"]
[Board "9"]
[White "Beeston, Darson"]
[Black "Zhuravlev, Andrei"]
[Result "1-0"]
[WhiteElo "1801"]
[BlackElo "1564"]
[Annotator "Home"]
[PlyCount "57"]
[EventDate "2024.03.29"]
[EventType "swiss"]
[EventRounds "7"]
[EventCountry "WLS"]

{[%evp 0,57,25,16,13,8,11,18,14,12,49,4,9,9,9,14,19,10,26,-2,18,11,11,17,17,2,10,10,-1,-3,9,-18,-34,-44,0,7,35,37,241,54,147,174,244,233,217,364,408,369,794,798,850,850,850,850,879,883,883,842,29999,29999]} 1. e4 {[%emt 0:00:03]} e5 {[%emt 0:00:05]} 2. Nf3 {[%emt 0:00:04]} Nc6 {[%emt 0:00:06]} 3. Bb5 {[%emt 0:00:05]} Nf6 {[%emt 0:00:19]} 4. d3 {[%emt 0:03:29]} a6 {[%emt 0:00:34]} 5. Ba4 {[%emt 0:02:19]} b5 {[%emt 0:00:35]} 6. Bb3 {[%emt 0:00:07]} Bc5 {[%emt 0:00:33]} 7. O-O {[%emt 0:00:38]} d6 {[%emt 0:00:15]} 8. h3 {[%emt 0:01:47]} h6 {[%emt 0:02:18]} 9. Re1 {[%emt 0:09:01]} Nd4 {[%emt 0:00:56]} 10. Nbd2 {[%emt 0:03:20]} O-O {[%emt 0:01:14]} 11. Nxd4 {[%emt 0:07:14]} Bxd4 {[%emt 0:00:50]} 12. c3 {[%emt 0:00:15]} Bb6 {[%emt 0:00:14]} 13. Nf3 {[%emt 0:00:16]} Bb7 {[%emt 0:00:17]} 14. Be3 {[%emt 0:03:37]} c5 {[%emt 0:00:46]} 15. Bc2 {[%emt 0:05:09]} Re8 {[%emt 0:00:44]} 16. Qd2 {[%emt 0:06:23]} Qd7 {[%emt 0:00:31]} 17. Nh4 {[%emt 0:06:55]} d5 {[%emt 0:03:10]} 18. Bxh6 {[%emt 0:05:54]} dxe4 {[%emt 0:00:38]} 19. dxe4 {[%emt 0:01:09]} gxh6 {[%emt 0:01:52]} 20. Qxh6 {[%emt 0:00:16]} Nh7 {[%emt 0:01:41]} 21. Nf5 {[%emt 0:01:01]} f6 {[%emt 0:00:33]} 22. Rad1 {[%emt 0:08:48]} Qc7 {[%emt 0:01:19]} 23. Rd6 {[%emt 0:00:17]} Bc8 {[%emt 0:01:27]} 24. Qg6+ {[%emt 0:01:09]} Kf8 {[%emt 0:01:14]} 25. Rxf6+ {[%emt 0:03:55]} Nxf6 {[%emt 0:00:48]} 26. Qxf6+ {[%emt 0:00:07]} Qf7 {[%emt 0:02:21]} 27. Qh6+ {[%emt 0:09:11]} Kg8 {[%emt 0:00:21]} 28. Re3 {[%emt 0:00:26]} Qxa2 {[%emt 0:02:55]} 29. Qg7# {[%emt 0:00:18]} 1-0

[Event "Welsh Open Chess Championship"]
[Site "Mercure Cardiff North Hotel, Circle Way East, Llanedeyrn, Cardiff CF23 9XF"]
[Date "2024.03.29"]
[Round "1"]
[Board "10"]
[White "Stannard, Mike"]
[Black "Jones, Steve"]
[Result "0-1"]
[WhiteElo "1560"]
[BlackElo "1791"]
[Annotator "Home"]
[PlyCount "78"]
[EventDate "2024.03.29"]
[EventType "swiss"]
[EventRounds "7"]
[EventCountry "WLS"]

{[%evp 0,78,21,-4,0,-11,-11,-6,-4,-62,-25,-36,-8,-32,-28,-31,-34,-34,-41,-41,-6,-54,-26,-36,-51,-51,-13,-40,-41,-43,-39,-42,-31,-40,-19,-74,-76,-61,-43,-76,21,29,52,57,60,63,69,42,48,61,121,45,51,38,89,84,34,-21,67,12,17,-48,-44,-63,-72,-77,-86,-67,-68,-57,-81,-289,-63,-141,-144,-572,-298,-29983,-29984,-29997,-29998]} 1. b3 {[%emt 0:00:03]} Nf6 {[%emt 0:00:34]} 2. Bb2 {[%emt 0:00:12]} d5 {[%emt 0:00:28]} 3. e3 {[%emt 0:00:13]} Bf5 {[%emt 0:00:26]} 4. c4 {[%emt 0:00:57]} e6 {[%emt 0:01:37]} 5. Nf3 {[%emt 0:02:01]} h6 {[%emt 0:01:30]} 6. Nd4 {[%emt 0:00:50]} Bg6 {[%emt 0:01:29]} 7. Be2 {[%emt 0:01:13]} c5 {[%emt 0:03:43]} 8. Nf3 {[%emt 0:00:46]} Nc6 {[%emt 0:00:25]} 9. cxd5 {[%emt 0:01:10]} exd5 {[%emt 0:01:43]} 10. Bb5 {[%emt 0:01:01]} Bh5 {[%emt 0:04:36]} 11. Bxc6+ {[%emt 0:05:51]} bxc6 {[%emt 0:00:17]} 12. O-O {[%emt 0:00:50]} Be7 {[%emt 0:02:06]} 13. d3 {[%emt 0:01:45]} O-O {[%emt 0:00:34]} 14. Nbd2 {[%emt 0:00:12]} Re8 {[%emt 0:02:33]} 15. Qc2 {[%emt 0:00:48]} Nd7 {[%emt 0:02:13]} 16. Rfe1 {[%emt 0:03:45]} Bf6 {[%emt 0:01:04]} 17. d4 {[%emt 0:02:07]} Bg6 {[%emt 0:03:16]} 18. Qc1 {[%emt 0:01:20]} Qc7 {[%emt 0:02:58]} 19. Bc3 {[%emt 0:06:31]} a5 {[%emt 0:04:38]} 20. dxc5 {[%emt 0:00:47]} Bxc3 {[%emt 0:01:12]} 21. Qxc3 {[%emt 0:00:11]} Rab8 {[%emt 0:01:56]} 22. Nd4 {[%emt 0:05:19]} Ne5 {[%emt 0:01:15]} 23. f3 {[%emt 0:04:05]} Nd3 {[%emt 0:00:34]} 24. Re2 {[%emt 0:01:25]} Rbc8 {[%emt 0:07:29]} 25. e4 {[%emt 0:01:21]} dxe4 {[%emt 0:03:47]} 26. fxe4 {[%emt 0:00:24]} Nf4 {[%emt 0:01:12]} 27. Re3 {[%emt 0:03:51]} Rcd8 {[%emt 0:03:55]} 28. g3 {[%emt 0:04:53]} Nh5 {[%emt 0:01:57]} 29. Rae1 {[%emt 0:02:53]} Nf6 {[%emt 0:00:34]} 30. R1e2 {[%emt 0:08:38]} Qd7 {[%emt 0:01:53]} 31. Nf5 {[%emt 0:07:10]} Bxf5 {[%emt 0:08:30]} 32. exf5 {[%emt 0:00:03]} Rxe3 {[%emt 0:00:33]} 33. Qxe3 {[%emt 0:00:18]} Qxf5 {[%emt 0:00:21]} 34. Qc3 {[%emt 0:03:54]} Rd5 {[%emt 0:03:51]} 35. Qxa5 {[%emt 0:02:27]} Rxc5 {[%emt 0:00:18]} 36. Qa8+ {[%emt 0:01:40]} Kh7 {[%emt 0:00:09]} 37. Re1 {[%emt 0:06:26]} Ng4 {[%emt 0:01:52]} 38. Rf1 {[%emt 0:02:51]} Rc1 {[%emt 0:00:27]} 39. Qe8 {[%emt 0:01:29]} Qf2+ {[%emt 0:00:15]} 0-1

[Event "Welsh Open Chess Championship"]
[Site "Mercure Cardiff North Hotel, Circle Way East, Llanedeyrn, Cardiff CF23 9XF"]
[Date "2024.03.29"]
[Round "1"]
[Board "11"]
[White "Whittington, Reece W"]
[Black "Enoch, Kristan"]
[Result "1/2-1/2"]
[WhiteElo "1791"]
[BlackElo "1554"]
[Annotator "Home"]
[PlyCount "94"]
[EventDate "2024.03.29"]
[EventType "swiss"]
[EventRounds "7"]
[EventCountry "WLS"]

{[%evp 0,94,16,21,20,20,31,0,6,-30,0,20,22,22,60,40,56,47,42,41,63,65,62,-42,-54,-52,-37,-25,52,54,144,143,116,118,116,109,113,111,103,116,116,116,149,116,100,83,97,112,123,57,56,52,84,72,181,165,234,234,237,245,239,242,266,274,236,300,329,190,333,329,469,166,170,0,0,0,0,0,0,0,0,0,0,0,0,0,0,0,0,0,0,0,0,0,0,0,0]} 1. d4 {[%emt 0:00:04]} d5 {[%emt 0:00:06]} 2. Nf3 {[%emt 0:00:10]} Nf6 {[%emt 0:00:07]} 3. c4 {[%emt 0:00:18]} e6 {[%emt 0:00:05]} 4. g3 {[%emt 0:00:17]} Bb4+ {[%emt 0:00:38]} 5. Bd2 {[%emt 0:00:17]} Bxd2+ {[%emt 0:00:06]} 6. Nbxd2 {[%emt 0:00:11]} c6 {[%emt 0:00:10]} 7. Bg2 {[%emt 0:00:19]} Nbd7 {[%emt 0:00:20]} 8. O-O {[%emt 0:01:10]} O-O {[%emt 0:00:10]} 9. Qc2 {[%emt 0:01:22]} Re8 {[%emt 0:02:23]} 10. e4 {[%emt 0:07:28]} dxe4 {[%emt 0:00:21]} 11. Ng5 {[%emt 0:00:40]} e5 {[%emt 0:09:15]} 12. d5 {[%emt 0:12:21]} cxd5 {[%emt 0:02:00]} 13. cxd5 {[%emt 0:00:20]} h6 {[%emt 0:03:07]} 14. Ngxe4 {[%emt 0:02:05]} Nxd5 {[%emt 0:02:13]} 15. Nd6 {[%emt 0:01:53]} Re6 {[%emt 0:06:28]} 16. Nxf7 {[%emt 0:05:18]} Qc7 {[%emt 0:04:42]} 17. Nxh6+ {[%emt 0:23:54]} gxh6 {[%emt 0:00:05]} 18. Qb3 {[%emt 0:00:11]} N7b6 {[%emt 0:05:38]} 19. Bxd5 {[%emt 0:03:38]} Nxd5 {[%emt 0:00:06]} 20. Qxd5 {[%emt 0:00:05]} Qc6 {[%emt 0:01:51]} 21. Qxc6 {[%emt 0:03:45]} Rxc6 {[%emt 0:00:06]} 22. Rfe1 {[%emt 0:00:47]} Rc2 {[%emt 0:02:02]} 23. Nf3 {[%emt 0:03:06]} Rxb2 {[%emt 0:00:29]} 24. Rxe5 {[%emt 0:00:20]} Bd7 {[%emt 0:00:39]} 25. Re7 {[%emt 0:04:33]} Bc6 {[%emt 0:00:18]} 26. Ne5 {[%emt 0:00:34]} Be4 {[%emt 0:02:58]} 27. Ng4 {[%emt 0:01:14]} Rb1+ {[%emt 0:00:34]} 28. Rxb1 {[%emt 0:00:06]} Bxb1 {[%emt 0:00:04]} 29. Nxh6+ {[%emt 0:00:19]} Kh8 {[%emt 0:01:49]} 30. a3 {[%emt 0:02:01]} Rb8 {[%emt 0:00:58]} 31. f4 a5 {[%emt 0:00:46]} 32. f5 {[%emt 0:00:06]} b5 {[%emt 0:00:15]} 33. f6 {[%emt 0:00:07]} b4 {[%emt 0:00:11]} 34. axb4 {[%emt 0:00:17]} axb4 {[%emt 0:00:19]} 35. f7 {[%emt 0:00:38]} Bg6 {[%emt 0:00:06]} 36. Re6 {[%emt 0:00:42]} Kg7 {[%emt 0:01:01]} 37. Re8 {[%emt 0:07:00]} Rxe8 {[%emt 0:00:04]} 38. fxe8=Q {[%emt 0:00:10]} Bxe8 {[%emt 0:00:03]} 39. Nf5+ {[%emt 0:00:09]} Kf6 {[%emt 0:00:13]} 40. Nd4 {[%emt 0:00:28]} Ba4 {[%emt 0:00:16]} 41. Kf2 {[%emt 0:02:50]} b3 {[%emt 0:00:09]} 42. Nxb3 {[%emt 0:00:51]} Bxb3 {[%emt 0:00:04]} 43. Kf3 {[%emt 0:00:11]} Kf5 {[%emt 0:00:17]} 44. g4+ {[%emt 0:00:13]} Kg5 {[%emt 0:00:06]} 45. Kg3 {[%emt 0:00:06]} Bd1 {[%emt 0:00:43]} 46. h4+ {[%emt 0:00:05]} Kg6 {[%emt 0:00:11]} 47. g5 {[%emt 0:02:20]} Kf5 {[%emt 0:01:06]} 1/2-1/2

[Event "Welsh Open Chess Championship"]
[Site "Mercure Cardiff North Hotel, Circle Way East, Llanedeyrn, Cardiff CF23 9XF"]
[Date "2024.03.29"]
[Round "1"]
[Board "12"]
[White "Murthy, Arush"]
[Black "Di-Vetta, Andrew"]
[Result "1/2-1/2"]
[WhiteElo "1526"]
[BlackElo "1783"]
[Annotator "Home"]
[PlyCount "91"]
[EventDate "2024.03.29"]
[EventType "swiss"]
[EventRounds "7"]
[EventCountry "WLS"]

{[%evp 0,91,20,20,12,6,4,4,23,23,34,22,33,11,18,19,39,37,42,30,19,-3,8,13,9,-23,-24,-42,-42,-42,-11,-21,-4,-5,22,14,59,49,79,-11,4,6,-1,1,3,-150,-150,-242,-57,-132,-132,-125,-136,-397,-202,-167,-131,-124,-132,-188,-75,-107,-97,-182,-90,-136,-90,-245,-148,-139,-146,-151,-105,-165,-169,-269,-216,-215,-137,-242,-167,-181,-67,-66,0,0,98,98,96,87,29989,29990,29991,1031]} 1. d4 Nf6 {[%emt 0:00:30]} 2. c4 {[%emt 0:00:08]} e6 {[%emt 0:00:13]} 3. Nc3 {[%emt 0:00:18]} Bb4 {[%emt 0:00:32]} 4. e3 {[%emt 0:00:24]} b6 {[%emt 0:00:12]} 5. Nf3 {[%emt 0:00:29]} Bb7 {[%emt 0:00:06]} 6. Bd3 {[%emt 0:01:55]} O-O {[%emt 0:00:23]} 7. O-O {[%emt 0:01:36]} d5 {[%emt 0:03:53]} 8. cxd5 {[%emt 0:03:23]} exd5 {[%emt 0:00:57]} 9. a3 {[%emt 0:01:18]} Be7 {[%emt 0:00:35]} 10. Re1 {[%emt 0:01:53]} Nbd7 {[%emt 0:00:52]} 11. Qc2 {[%emt 0:08:53]} c5 {[%emt 0:01:05]} 12. dxc5 {[%emt 0:03:23]} Nxc5 {[%emt 0:01:31]} 13. Rd1 {[%emt 0:04:58]} Nxd3 {[%emt 0:01:55]} 14. Qxd3 {[%emt 0:01:07]} Qc8 {[%emt 0:01:08]} 15. Bd2 {[%emt 0:02:11]} Rd8 {[%emt 0:04:06]} 16. Rac1 {[%emt 0:03:46]} Qg4 {[%emt 0:00:40]} 17. h3 {[%emt 0:09:57]} Qh5 {[%emt 0:00:26]} 18. Ne2 {[%emt 0:03:44]} Bd6 {[%emt 0:03:06]} 19. Nfd4 {[%emt 0:06:07]} Ne4 {[%emt 0:03:30]} 20. f3 {[%emt 0:03:29]} Nc5 {[%emt 0:02:57]} 21. Qb1 {[%emt 0:02:36]} Ba6 {[%emt 0:01:23]} 22. Nc3 {[%emt 0:01:36]} Nd3 {[%emt 0:08:08]} 23. Rc2 {[%emt 0:00:39]} Qh4 {[%emt 0:03:32]} 24. Be1 {[%emt 0:01:36]} Nxe1 {[%emt 0:00:34]} 25. Rxe1 {[%emt 0:00:14]} Bd3 {[%emt 0:00:32]} 26. Nxd5 {[%emt 0:00:55]} Bxc2 {[%emt 0:00:19]} 27. Nxc2 {[%emt 0:00:11]} Bh2+ {[%emt 0:04:27]} 28. Kxh2 {[%emt 0:00:06]} Rxd5 {[%emt 0:00:03]} 29. Nd4 {[%emt 0:01:07]} Rc8 {[%emt 0:01:39]} 30. Rc1 {[%emt 0:01:44]} Rdc5 {[%emt 0:03:27]} 31. Rd1 {[%emt 0:01:40]} g6 {[%emt 0:01:54]} 32. Re1 {[%emt 0:02:03]} Qe7 {[%emt 0:01:38]} 33. Qa2 {[%emt 0:02:45]} Qc7+ {[%emt 0:00:28]} 34. f4 {[%emt 0:01:22]} Rc1 {[%emt 0:00:49]} 35. Re2 {[%emt 0:00:35]} Qc4 {[%emt 0:00:55]} 36. b3 {[%emt 0:01:04]} Qd3 {[%emt 0:01:16]} 37. Qb2 {[%emt 0:00:46]} Rb1 {[%emt 0:01:22]} 38. Qa2 {[%emt 0:00:24]} Rcc1 {[%emt 0:00:34]} 39. a4 {[%emt 0:01:18]} Qd1 {[%emt 0:01:42]} 40. Qa3 {[%emt 0:01:33]} Qg1+ {[%emt 0:00:53]} 41. Kg3 {[%emt 0:00:17]} Re1 {[%emt 0:01:23]} 42. Qe7 {[%emt 0:01:52]} h6 {[%emt 0:05:30]} 43. Qe8+ {[%emt 0:00:59]} Kg7 {[%emt 0:00:13]} 44. Qe5+ {[%emt 0:05:46]} Kf8 {[%emt 0:03:12]} 45. Qh8+ {[%emt 0:01:00]} Ke7 {[%emt 0:00:18]} 46. Qe5+ {[%emt 0:00:17]} 1/2-1/2

[Event "Welsh Open Chess Championship"]
[Site "Mercure Cardiff North Hotel, Circle Way East, Llanedeyrn, Cardiff CF23 9XF"]
[Date "2024.03.29"]
[Round "1"]
[Board "13"]
[White "Bennett, Tom"]
[Black "Sarwar, Adam"]
[Result "1-0"]
[WhiteElo "1779"]
[BlackElo "1496"]
[Annotator "Home"]
[PlyCount "65"]
[EventDate "2024.03.29"]
[EventType "swiss"]
[EventRounds "7"]
[EventCountry "WLS"]

{[%evp 0,65,20,-17,-23,-11,-28,-17,-25,-44,-41,-35,-29,-59,-45,-64,-60,-55,-33,-49,-52,-36,-22,-29,-21,-19,-24,-26,-27,-43,-35,-55,-78,-66,-67,-78,-37,-48,-49,-45,-33,-14,132,-33,61,-14,148,31,91,89,336,37,364,-38,183,-7,356,-45,81,-15,148,158,131,168,250,204,671,654]} 1. b3 {[%emt 0:00:05]} e5 {[%emt 0:00:31]} 2. Bb2 {[%emt 0:00:26]} Nc6 {[%emt 0:00:03]} 3. e3 {[%emt 0:00:29]} d5 {[%emt 0:01:02]} 4. d3 {[%emt 0:02:45]} Nf6 {[%emt 0:01:52]} 5. Nd2 {[%emt 0:01:18]} Bf5 {[%emt 0:03:03]} 6. g3 {[%emt 0:01:12]} Bc5 {[%emt 0:11:55]} 7. Bg2 {[%emt 0:01:32]} O-O {[%emt 0:02:54]} 8. Ne2 {[%emt 0:00:12]} Re8 {[%emt 0:02:44]} 9. a3 {[%emt 0:01:08]} a5 {[%emt 0:00:40]} 10. h3 {[%emt 0:00:38]} h6 {[%emt 0:04:28]} 11. g4 {[%emt 0:03:28]} Be6 {[%emt 0:01:52]} 12. Ng3 {[%emt 0:05:26]} Qd7 {[%emt 0:05:14]} 13. Qe2 {[%emt 0:05:45]} Rad8 {[%emt 0:00:50]} 14. c4 {[%emt 0:14:02]} d4 {[%emt 0:00:45]} 15. e4 {[%emt 0:01:29]} Ne7 {[%emt 0:01:32]} 16. Nf3 {[%emt 0:03:45]} Ng6 {[%emt 0:00:42]} 17. Bc1 {[%emt 0:01:08]} c6 {[%emt 0:00:36]} 18. Bd2 {[%emt 0:01:36]} Ra8 {[%emt 0:06:55]} 19. Nf5 {[%emt 0:09:26]} b5 {[%emt 0:00:52]} 20. O-O {[%emt 0:03:10]} Ne7 {[%emt 0:01:48]} 21. N3h4 {[%emt 0:03:15]} Bd6 {[%emt 0:01:06]} 22. f4 {[%emt 0:01:35]} c5 {[%emt 0:02:15]} 23. Rae1 {[%emt 0:05:38]} b4 {[%emt 0:01:00]} 24. a4 {[%emt 0:00:31]} Qc7 {[%emt 0:02:07]} 25. Kh1 {[%emt 0:01:20]} Rac8 {[%emt 0:03:43]} 26. Rf2 {[%emt 0:00:48]} Nc6 {[%emt 0:00:41]} 27. Rff1 {[%emt 0:02:55]} Ne7 {[%emt 0:00:24]} 28. Qf2 {[%emt 0:05:58]} Nc6 {[%emt 0:01:08]} 29. Qe2 {[%emt 0:05:30]} exf4 {[%emt 0:01:15]} 30. Nxd6 {[%emt 0:00:28]} Qxd6 {[%emt 0:01:04]} 31. e5 {[%emt 0:00:36]} Qd7 {[%emt 0:06:15]} 32. exf6 {[%emt 0:00:40]} Bxg4 {[%emt 0:09:23]} 33. Qxg4 {[%emt 0:00:17]} 1-0

[Event "Welsh Open Chess Championship"]
[Site "Mercure Cardiff North Hotel, Circle Way East, Llanedeyrn, Cardiff CF23 9XF"]
[Date "2024.03.29"]
[Round "1"]
[Board "14"]
[White "Heatman, Jordan"]
[Black "Westcott, Dale"]
[Result "0-1"]
[WhiteElo "1328"]
[BlackElo "1772"]
[Annotator "Home"]
[PlyCount "56"]
[EventDate "2024.03.29"]
[EventType "swiss"]
[EventRounds "7"]
[EventCountry "WLS"]

{[%evp 0,56,20,16,52,49,90,57,55,39,29,23,40,38,28,34,32,28,34,13,13,21,12,16,-1,10,34,31,17,-15,141,129,117,148,161,94,93,88,114,53,56,57,49,-84,-74,-155,-172,-210,-250,-258,-243,-243,-243,-249,-251,-244,-196,-804,-810]} 1. e4 {[%emt 0:00:13]} c5 {[%emt 0:00:05]} 2. Nf3 {[%emt 0:00:25]} d6 {[%emt 0:00:06]} 3. Bb5+ {[%emt 0:01:19]} Bd7 {[%emt 0:00:09]} 4. a4 {[%emt 0:03:05]} Nf6 {[%emt 0:01:01]} 5. Nc3 {[%emt 0:00:52]} g6 {[%emt 0:02:18]} 6. O-O {[%emt 0:09:34]} Bg7 {[%emt 0:00:29]} 7. e5 {[%emt 0:00:27]} dxe5 {[%emt 0:01:24]} 8. Nxe5 {[%emt 0:00:09]} O-O {[%emt 0:01:57]} 9. Nxd7 {[%emt 0:00:49]} Nbxd7 {[%emt 0:00:07]} 10. Re1 {[%emt 0:11:51]} Nb6 {[%emt 0:04:08]} 11. Qf3 {[%emt 0:03:54]} a6 {[%emt 0:02:46]} 12. Bf1 {[%emt 0:00:19]} Qd7 {[%emt 0:02:56]} 13. a5 {[%emt 0:03:31]} Nbd5 {[%emt 0:01:39]} 14. Na4 {[%emt 0:00:58]} Rad8 {[%emt 0:04:44]} 15. Nxc5 {[%emt 0:02:09]} Qc7 {[%emt 0:02:34]} 16. d4 {[%emt 0:05:57]} Rfe8 {[%emt 0:05:50]} 17. c4 {[%emt 0:11:37]} Nb4 {[%emt 0:02:43]} 18. Bf4 {[%emt 0:00:13]} Qc8 {[%emt 0:05:20]} 19. Qc3 {[%emt 0:08:02]} Nc6 {[%emt 0:01:47]} 20. Rad1 {[%emt 0:06:16]} Nxd4 {[%emt 0:02:03]} 21. b4 {[%emt 0:06:49]} Nd5 {[%emt 0:03:08]} 22. Qg3 {[%emt 0:00:33]} Nxb4 {[%emt 0:01:57]} 23. Na4 {[%emt 0:03:24]} Nbc2 {[%emt 0:01:19]} 24. Nb6 {[%emt 0:01:22]} Qc5 {[%emt 0:02:37]} 25. Bc7 {[%emt 0:03:17]} Nxe1 {[%emt 0:01:43]} 26. Bxd8 {[%emt 0:00:10]} Rxd8 {[%emt 0:00:45]} 27. Rxe1 {[%emt 0:00:18]} Qxa5 {[%emt 0:01:53]} 28. Nd5 {[%emt 0:00:09]} Qxe1 {[%emt 0:00:08]} 0-1

[Event "Welsh Open Chess Championship"]
[Site "Mercure Cardiff North Hotel, Circle Way East, Llanedeyrn, Cardiff CF23 9XF"]
[Date "2024.03.29"]
[Round "1"]
[Board "15"]
[White "Powell-Jones, Liam"]
[Black "Hill, Glyn"]
[Result "1-0"]
[WhiteElo "1756"]
[BlackElo "1057"]
[Annotator "Home"]
[PlyCount "85"]
[EventDate "2024.03.29"]
[EventType "swiss"]
[EventRounds "7"]
[EventCountry "WLS"]

{[%evp 0,70,16,14,14,14,63,66,63,75,101,69,66,70,82,76,137,32,69,59,57,44,110,104,125,83,92,49,90,95,77,88,962,989,966,975,989,1006,1127,861,906,806,806,829,834,807,814,811,832,770,802,818,805,787,872,903,1328,1343,1416,1458,1483,1478,1545,1519,1481,1849,1911,1995,2120,2427,2661,2038,1898]} 1. e4 {[%emt 0:00:02]} e5 {[%emt 0:00:20]} 2. Nf3 {[%emt 0:00:06]} d5 {[%emt 0:01:04]} 3. exd5 {[%emt 0:00:44]} Qxd5 {[%emt 0:00:18]} 4. Nc3 {[%emt 0:00:12]} Qc5 {[%emt 0:01:33]} 5. Bb5+ {[%emt 0:02:17]} Bd7 {[%emt 0:01:19]} 6. a4 {[%emt 0:04:33]} Bd6 {[%emt 0:04:58]} 7. O-O {[%emt 0:03:15]} a6 {[%emt 0:00:52]} 8. Ne4 {[%emt 0:03:05]} Qb4 {[%emt 0:07:21]} 9. Bxd7+ {[%emt 0:01:08]} Nxd7 {[%emt 0:00:47]} 10. Re1 {[%emt 0:00:13]} f6 {[%emt 0:04:43]} 11. d4 {[%emt 0:04:03]} O-O-O {[%emt 0:05:34]} 12. c3 {[%emt 0:01:15]} Qc4 {[%emt 0:01:52]} 13. dxe5 {[%emt 0:02:52]} Nxe5 {[%emt 0:08:21]} 14. Nxe5 {[%emt 0:02:40]} Bxe5 {[%emt 0:01:08]} 15. Qg4+ {[%emt 0:00:19]} Rd7 {[%emt 0:00:45]} 16. Nd6+ {[%emt 0:01:11]} cxd6 {[%emt 0:05:29]} 17. Qxc4+ {[%emt 0:00:16]} Kb8 {[%emt 0:01:11]} 18. f4 {[%emt 0:00:51]} d5 {[%emt 0:03:33]} 19. Qe2 {[%emt 0:01:42]} Bc7 {[%emt 0:01:21]} 20. Qe8+ {[%emt 0:00:57]} Rd8 {[%emt 0:01:14]} 21. Qf7 {[%emt 0:00:17]} Nh6 {[%emt 0:06:25]} 22. Qxg7 {[%emt 0:00:29]} Nf5 {[%emt 0:01:55]} 23. Qg4 {[%emt 0:02:11]} Nd6 {[%emt 0:07:04]} 24. f5 {[%emt 0:01:02]} Rhg8 {[%emt 0:04:10]} 25. Qf3 {[%emt 0:00:10]} Nc4 {[%emt 0:04:32]} 26. Bf4 {[%emt 0:01:10]} Bxf4 {[%emt 0:05:18]} 27. Qxf4+ {[%emt 0:00:08]} Nd6 {[%emt 0:00:08]} 28. Re6 {[%emt 0:00:19]} Kc7 {[%emt 0:00:42]} 29. Rd1 {[%emt 0:00:28]} Kc6 {[%emt 0:00:51]} 30. c4 {[%emt 0:01:32]} Kb6 {[%emt 0:06:32]} 31. Rxd6+ {[%emt 0:00:16]} Rxd6 {[%emt 0:01:02]} 32. Qxd6+ Ka7 {[%emt 0:00:28]} 33. cxd5 {[%emt 0:00:29]} h5 {[%emt 0:01:20]} 34. Qc5+ {[%emt 0:00:15]} Kb8 {[%emt 0:00:32]} 35. Re1 {[%emt 0:00:17]} Rc8 {[%emt 0:01:19]} 36. Qb4 {[%emt 0:00:23]} Ka7 {[%emt 0:01:19]} 37. Re7 {[%emt 0:00:07]} Rb8 {[%emt 0:00:46]} 38. d6 {[%emt 0:00:08]} h4 {[%emt 0:00:19]} 39. d7 {[%emt 0:00:04]} b6 {[%emt 0:01:02]} 40. d8=Q+ {[%emt 0:00:21]} Rb7 {[%emt 0:01:25]} 41. Rxb7+ {[%emt 0:00:14]} Kxb7 {[%emt 0:00:15]} 42. Qe4+ {[%emt 0:00:31]} Ka7 {[%emt 0:00:23]} 43. Qda8# {[%emt 0:00:08]} 1-0

[Event "Welsh Open Chess Championship"]
[Site "Mercure Cardiff North Hotel, Circle Way East, Llanedeyrn, Cardiff CF23 9XF"]
[Date "2024.03.29"]
[Round "1"]
[Board "16"]
[White "White, Mike"]
[Black "McGhee, David"]
[Result "0-1"]
[WhiteElo "985"]
[BlackElo "1754"]
[PlyCount "54"]
[EventDate "2024.03.29"]
[EventType "swiss"]
[EventRounds "7"]
[EventCountry "WLS"]

{[%evp 0,54,19,31,13,17,33,-23,-23,-18,22,29,45,-5,-5,-5,3,-4,-10,-29,-18,-19,-35,-13,-12,-20,-26,-40,2,22,1,4,27,-19,-23,-39,56,-81,-59,-176,-109,-719,-688,-1365,-1365,-1365,-1086,-1248,-1357,-1295,-1150,-1150,-1150,-1177,-1104,-29997,-29998]} 1. d4 Nf6 2. Bf4 d5 3. c4 e6 4. Nc3 a6 5. e3 c5 6. Bd3 cxd4 7. exd4 dxc4 8. Bxc4 Bd6 9. Bxd6 Qxd6 10. Nf3 b5 11. Bd3 Bb7 12. O-O O-O 13. Re1 Nc6 14. Ne4 Nxe4 15. Bxe4 f5 16. Bc2 Na5 17. Ng5 Rf6 18. b4 Rh6 19. Nf3 Nc4 20. a3 Bxf3 21. Qxf3 Qxh2+ 22. Kf1 Nd2+ 23. Ke2 Nxf3 24. gxf3 Qf4 25. Rad1 Rc8 26. Bb3 Rc3 27. d5 Qxf3+ 0-1